Loading...

Linear algebra and its applications/4th ed.

Bibliographic Details
Main Author: Lay, David C.
Format: Printed Book
Language:English
Published: Boston Addison-Wesley 2012
Subjects:
LEADER 00545nam a22001697a 4500
005 20160826095712.0
008 130130b xxu||||| |||| 00| 0 eng d
020 |a 978-0-321-38517-8 
082 |a 512.64  |b LAY 
100 |a Lay, David C. 
245 |a Linear algebra and its applications/4th ed. 
260 |a Boston  |b Addison-Wesley  |c 2012 
300 |a xvi, 492p. 
653 |a Linear algebra 
942 |c REF  |6 _ 
999 |c 180288  |d 180288 
952 |0 0  |1 0  |2 ddc  |4 0  |6 51264_LAY  |7 0  |9 232892  |a STA  |b STA  |c REF  |d 2013-01-30  |o 512.64 LAY  |p STA2870  |r 2013-01-30  |w 2013-01-30  |y REF